Statistics for Guess the Taylor Swift song no hints #14

Click here to take the quiz!

General Stats

  • This quiz has been taken 62 times
  • The average score is 194 of 281

Answer Stats

Answer% Correct
I
100%
me
95%
You
95%
you
95%
And
91%
in
91%
the
91%
it
89%
my
89%
your
89%
You're
87%
you're
87%
I'm
85%
be
84%
is
84%
that
84%
all
82%
All
82%
but
82%
But
82%
no
82%
it's
80%
know
80%
to
80%
do
78%
Like
78%
of
78%
so
78%
this
78%
This
78%
not
76%
don't
75%
Don't
75%
If
73%
if
73%
time
73%
I've
71%
been
69%
did
69%
have
69%
was
69%
would
67%
Cause
65%
had
65%
now
65%
for
64%
up
64%
can
62%
got
62%
tell
62%
loved
60%
sorry
60%
didn't
58%
down
58%
Could've
56%
gone
55%
last
55%
out
55%
every
53%
There's
53%
want
53%
would've
53%
believe
51%
never
51%
we'll
51%
wont
51%
won't
51%
around
49%
anymore
47%
baby
47%
Baby
47%
before
47%
come
47%
let
47%
nothing
47%
left
45%
hadn't
44%
Hoping
42%
life
42%
wanna
42%
call
40%
fine
40%
hurt
40%
pick
40%
thinking
40%
again
38%
phone
38%
asking
36%
away
36%
straw
36%
tired
36%
beg
35%
being
35%
waiting
35%
cold
33%
figured
33%
long
33%
taking
33%
used
33%
wasting
33%
chances
31%
each
31%
giving
31%
honey
31%
fade
29%
listen
29%
Looking
29%
might
29%
secrets
29%
share
29%
watched
29%
worked
29%
bright
27%
innocent
27%
shine
27%
crawling
25%

Score Distribution

Percentile by Number Answered

Percent of People with Each Score

Your Score History

You have not taken this quiz